000 nam a22 7a 4500
999 _c8798
_d8798
008 180119b ||||| |||| 00| 0 eng d
100 _aNCERT
_95130
245 _aBusiness Studies -XII
260 _aNCERT
_bNew Delhi
_c2007